000 01271cam a2200289 a 4500
001 13786273
003 OSt
005 20180117085952.0
008 041118s2005 at a b 001 0 eng
010 _a 2004616766
020 _a0534626289 (hard)
040 _aDLC
_cDLC
_dDLC
050 0 0 _aBD21
_b.V4 2005
082 0 0 _a100
_222
100 1 _aVelasquez, Manuel G.
245 1 0 _aPhilosophy :
_ba text with readings /
_cManuel Velasquez.
250 _a9th ed.
260 _aSouthbank, Vic., Australia ; Belmont, CA :
_bThomson/Wadsworth,
_cc2005.
300 _axiv, 745 p. :
_bill. ;
_c24 cm. +
_e1 CD-ROM (4 3/4 in.)
504 _aIncludes bibliographical references and index.
538 _aSystem requirements for accompanying CD-ROM: Pentium procesor/Quadra class (68040) or better; Windows 95 or better; or Mac OS 8.1 or better; 12 MB RAM; 4MB HD space; 4x CD drive.
650 0 _aPhilosophy
_vIntroductions.
906 _a7
_bcbc
_corignew
_d3
_encip
_f20
_gy-gencatlg
942 _2ddc
_cBK
999 _c2908
_d2908